[Event "Bad Woerishofen op"]
[Site "Bad Woerishofen"]
[Date "2000.??.??"]
[Round "1"]
[White "Liszka, Guenter"]
[Black "Mueller, Thorsten"]
[Result "0-1"]
[WhiteElo "1770"]
[BlackElo "2193"]
[PlyCount "136"]
[EventDate "1998.03.05"]
[Source "ChessBase"]
[SourceDate "1998.04.29"]

1. e4 e6 2. d4 d5 3. exd5 exd5 4. Bd3 c5 5. dxc5 Bxc5 6. Nf3 Nf6 7. O-O O-O 8.
h3 Nc6 9. a3 a5 10. Nc3 Qd6 11. Nb5 Qb8 12. Bd2 b6 13. Qc1 Nh5 14. Be3 Bxe3 15.
Qxe3 Nf4 16. Nfd4 Nxd4 17. Nxd4 Nxd3 18. Qxd3 Ba6 19. Nb5 Qe5 20. Rfe1 Qxb2 21.
Rab1 Qf6 22. Qxd5 Rad8 23. Qe5 Qg6 24. Nd4 Bb7 25. f3 Rd5 26. Qe3 h5 27. c4 Rg5
28. Qf2 Rd8 29. Ne2 Rc5 30. Ng3 f5 31. Rb5 Rxb5 32. cxb5 h4 33. Nf1 Qg5 34. Qe2
Bd5 35. Rd1 f4 36. Rd4 Rd6 37. Qd2 Kh7 38. Qxf4 Qxf4 39. Rxf4 g5 40. Rd4 Rd7
41. Ne3 Be6 42. Rxd7+ Bxd7 43. a4 Be6 44. Nd1 Kg6 45. Kf2 Kf5 46. Ke3 Bb3 47.
Nc3 Ke5 48. Kd3 Kf4 49. Ne2+ Ke5 50. Nc3 Be6 51. Ne4 Kf4 52. Ke2 Bb3 53. Nc3
Kg3 54. Kf1 Bc4+ 55. Kg1 Kf4 56. Kf2 Ke5 57. Ne4 Kf4 58. Nc3 Bb3 59. Ne2+ Ke5
60. Nc3 Kd4 61. Ne4 Bxa4 62. Nxg5 Bxb5 63. Ne6+ Ke5 64. Nf4 a4 65. Ng6+ Kd4 66.
f4 a3 67. f5 a2 68. f6 Bc4 0-1

[Event "Bad Woerishofen op"]
[Site "?"]
[Date "2000.??.??"]
[Round "3"]
[White "Liszka, Guenter"]
[Black "Ter, Georg"]
[Result "1-0"]
[WhiteElo "1770"]
[BlackElo "1565"]
[PlyCount "75"]
[EventDate "2000.??.??"]

1. e4 c5 2. Nf3 d6 3. d4 cxd4 4. Nxd4 Nf6 5. Nc3 a6 6. Be2 e6 7. Be3 Be7 8. f4
Qc7 9. Bf3 Nbd7 10. O-O O-O 11. Qe1 Nc5 12. Qg3 Kh8 13. Kh1 e5 14. Nde2 b5 15.
b4 Na4 16. Nd5 Nxd5 17. exd5 Qxc2 18. fxe5 dxe5 19. d6 Bxd6 20. Bxa8 Qxe2 21.
a3 Qc4 22. Rac1 Qb3 23. Rfd1 Bb8 24. Bd5 Qxa3 25. Qf2 Qxb4 26. Rf1 f6 27. Qc2
Bd6 28. Be4 Be6 29. Bxh7 Qc4 30. Qg6 Qg4 31. Qd3 Bb8 32. Bf5 Bxf5 33. Rxf5 e4
34. Qd7 Qh4 35. Bg1 Kh7 36. Qe7 Rh8 37. Qf7 Kh6 38. Be3+ 1-0

[Event "Bad Woerishofen op"]
[Site "?"]
[Date "2000.??.??"]
[Round "5"]
[White "Liszka, Guenter"]
[Black "Reichenbacher, Gerhard"]
[Result "1/2-1/2"]
[WhiteElo "1770"]
[BlackElo "2054"]
[PlyCount "103"]
[EventDate "2000.??.??"]

1. e4 c5 2. Nf3 Nc6 3. d4 cxd4 4. Nxd4 Nf6 5. Nc3 d6 6. Bg5 a6 7. Qd2 e6 8. f4
h6 9. Bh4 Be7 10. O-O-O Nxe4 11. Nxe4 Bxh4 12. Nxc6 bxc6 13. Nxd6+ Kf8 14. Nxc8
Qxc8 15. g3 Bf6 16. Bg2 Rb8 17. Qd6+ Kg8 18. b3 c5 19. c4 Bd4 20. Rxd4 cxd4 21.
Qxd4 Qd8 22. Qxd8+ Rxd8 23. Rd1 Rxd1+ 24. Kxd1 Kf8 25. b4 Ke7 26. Kc2 g5 27. b5
axb5 28. cxb5 Kd6 29. b6 gxf4 30. gxf4 Rc8+ 31. Kb3 Rc5 32. a4 Rf5 33. Kb4
Rxf4+ 34. Kb5 Rf2 35. Bb7 Rxh2 36. a5 Rb2+ 37. Ka6 f5 38. Ka7 e5 39. Kb8 e4 40.
a6 e3 41. a7 e2 42. a8=Q e1=Q 43. Qa3+ Rb4 44. Ka7 Qh4 45. Qd3+ Qd4 46. Qg3+
Ke7 47. Qc7+ Kf6 48. Qc6+ Kg5 49. Qg2+ Qg4 50. Qd2+ Kh4 51. Qxh6+ Kg3 52. Qe3+
1/2-1/2

[Event "Bad Woerishofen op"]
[Site "?"]
[Date "2000.??.??"]
[Round "7"]
[White "Liszka, Guenter"]
[Black "Weber, Ludwig"]
[Result "1-0"]
[WhiteElo "1770"]
[BlackElo "1400"]
[PlyCount "124"]
[EventDate "2000.??.??"]

1. e4 e5 2. Nf3 Nc6 3. Bc4 Bb4 4. c3 Ba5 5. b4 Bb6 6. d3 f6 7. Qb3 Nce7 8. Bf7+
Kf8 9. Bh5 g6 10. Bg4 c6 11. h4 d6 12. Nh2 Bxg4 13. Nxg4 h5 14. Ne3 Nh6 15. Nc4
Bc7 16. f3 Kg7 17. Be3 b5 18. Nb2 a5 19. a3 Bb6 20. Nd1 Bxe3 21. Nxe3 f5 22.
Nd2 f4 23. Nc2 Qd7 24. d4 Rhd8 25. O-O-O Qc7 26. Kb2 Nc8 27. Rhg1 Qe7 28. Rh1
Nb6 29. Rdg1 Nf7 30. g4 fxg3 31. Rxg3 Kh6 32. Rhg1 Nh8 33. Ne3 a4 34. Qa2 Qf6
35. Kc1 Rf8 36. d5 Rac8 37. Kb2 c5 38. bxc5 Rxc5 39. Qb1 Qf4 40. Qe1 Qf7 41.
Ng2 Qc7 42. Qe3+ Kh7 43. f4 exf4 44. Nxf4 Rxc3 45. Qxc3 Qxc3+ 46. Kxc3 Rxf4 47.
Kb4 Nd7 48. Kxb5 Nc5 49. Kc6 Rxh4 50. Kxd6 Nxe4+ 51. Nxe4 Rxe4 52. Kc5 Re5 53.
Kc6 Kh6 54. Rf3 h4 55. d6 Rf5 56. Rxf5 gxf5 57. d7 Nf7 58. Kd5 Kh5 59. Ke6 Nd8+
60. Kxf5 h3 61. Rg7 Kh4 62. Rg4+ Kh5 1-0

[Event "Bad Woerishofen op"]
[Site "?"]
[Date "2000.??.??"]
[Round "9"]
[White "Liszka, Guenter"]
[Black "Dittler, Volkfried"]
[Result "1-0"]
[WhiteElo "1770"]
[BlackElo "1654"]
[PlyCount "53"]
[EventDate "2000.??.??"]

1. e4 c5 2. Nf3 d6 3. d4 cxd4 4. Nxd4 Nf6 5. Nc3 a6 6. Be2 e6 7. Be3 Be7 8. O-O
O-O 9. f4 Nc6 10. Bf3 Bd7 11. Qe1 Rc8 12. Qg3 Ne8 13. Qf2 f5 14. exf5 Nxd4 15.
Bxd4 Rxf5 16. Bb6 Nc7 17. Bxb7 Rb8 18. Bxa6 g5 19. Bd3 Rxf4 20. Qe3 Rh4 21. Rf3
g4 22. Rg3 Kh8 23. Rf1 Bg5 24. Qf2 e5 25. Nd5 Rxb6 26. Qxb6 Ne8 27. Qxd8 1-0

[Event "Bad Woerishofen op"]
[Site "?"]
[Date "2000.??.??"]
[Round "2"]
[White "Loew, Gerald"]
[Black "Jakobi, Reik"]
[Result "1-0"]
[WhiteElo "2305"]
[BlackElo "1730"]
[PlyCount "25"]
[EventDate "2000.??.??"]

1. e4 c5 2. Nf3 g6 3. d4 cxd4 4. Qxd4 Nf6 5. Bb5 a6 6. e5 axb5 7. exf6 exf6 8.
O-O Be7 9. Bh6 Ra4 10. Qd2 b4 11. Re1 Qb6 12. Qf4 Nc6 13. Qxf6 1-0

[Event "Bad Woerishofen op"]
[Site "?"]
[Date "2000.??.??"]
[Round "4"]
[White "Loew, Gerald"]
[Black "Semmler, Guenther"]
[Result "1/2-1/2"]
[WhiteElo "2305"]
[BlackElo "2130"]
[PlyCount "66"]
[EventDate "2000.??.??"]

1. e4 d6 2. d4 Nf6 3. Nc3 Nbd7 4. f4 e5 5. Nf3 exd4 6. Qxd4 c6 7. Be2 Be7 8.
Be3 O-O 9. O-O-O Qa5 10. Kb1 b5 11. a3 Re8 12. Bd2 Qb6 13. Qxb6 Nxb6 14. Nd4
Bd7 15. Bf3 Rac8 16. h3 a6 17. e5 dxe5 18. fxe5 Nfd5 19. Nxd5 cxd5 20. Rhe1 Bh4
21. Re2 Bg3 22. Ba5 Nc4 23. Bc3 Be6 24. Nxe6 fxe6 25. Rd3 Bf4 26. b3 Nb6 27.
Bd4 Nd7 28. Kb2 Nb8 29. Bg4 Nc6 30. Bc3 Rcd8 31. g3 Bh6 32. Bd2 Bxd2 33. Rdxd2
Rb8 1/2-1/2

[Event "Bad Woerishofen op"]
[Site "?"]
[Date "2000.??.??"]
[Round "6"]
[White "Loew, Gerald"]
[Black "Kjetsae, Johnny"]
[Result "1/2-1/2"]
[WhiteElo "2305"]
[BlackElo "2122"]
[PlyCount "64"]
[EventDate "2000.??.??"]

1. e4 c5 2. Nf3 d6 3. d4 cxd4 4. Nxd4 Nf6 5. Nc3 Nc6 6. Bg5 e6 7. Qd2 a6 8.
O-O-O Bd7 9. Be2 Be7 10. f3 b5 11. a3 Nxd4 12. Qxd4 Qc7 13. g4 Rc8 14. Be3 e5
15. Qb6 Qxb6 16. Bxb6 Be6 17. a4 b4 18. Nd5 Nxd5 19. exd5 Bd7 20. b3 Rb8 21.
Be3 a5 22. f4 f6 23. Rhg1 O-O 24. Bd3 g5 25. fxe5 fxe5 26. Be4 Kg7 27. h3 h6
28. Rgf1 Bd8 29. Rxf8 Kxf8 30. h4 Kg7 31. hxg5 Bxg5 32. Bxg5 hxg5 1/2-1/2

[Event "Bad Woerishofen op"]
[Site "?"]
[Date "2000.??.??"]
[Round "8"]
[White "Loew, Gerald"]
[Black "Schuster, Gerhard"]
[Result "1/2-1/2"]
[WhiteElo "2305"]
[BlackElo "2137"]
[PlyCount "96"]
[EventDate "2000.??.??"]

1. e4 c6 2. d4 d5 3. exd5 cxd5 4. c4 Nf6 5. Nc3 e6 6. Nf3 Bb4 7. cxd5 Nxd5 8.
Qc2 Nc6 9. Bd3 Be7 10. a3 Nf6 11. Be3 b6 12. Bb5 Bd7 13. Ne5 Nxe5 14. dxe5 Nd5
15. Nxd5 exd5 16. Ba6 Rb8 17. O-O O-O 18. Rfd1 Be6 19. Rac1 Bc5 20. Bf4 Qh4 21.
Bg3 Qg4 22. b4 Be7 23. Kf1 h5 24. h3 Qg5 25. h4 Qh6 26. Qd2 Qxd2 27. Rxd2 g5
28. hxg5 Bxg5 29. f4 h4 30. Bh2 Bh6 31. Rc7 Ra8 32. Rd4 f6 33. exf6 Rxf6 34.
Kg1 Raf8 35. Rxa7 Bxf4 36. Bxf4 Rxf4 37. Rxf4 Rxf4 38. Rb7 Re4 39. Rxb6 Kf7 40.
a4 d4 41. a5 Re1+ 42. Kf2 Rb1 43. Be2 Rb2 44. Ke1 Bd5 45. Rd6 Bxg2 46. Rxd4 h3
47. Rh4 Rxb4 48. Rxb4 h2 1/2-1/2

[Event "Bad Woerishofen op"]
[Site "Bad Woerishofen"]
[Date "2000.??.??"]
[Round "1"]
[White "Loginov, Valeri"]
[Black "Baeuml, Ulrich"]
[Result "1-0"]
[WhiteElo "2512"]
[BlackElo "2082"]
[PlyCount "59"]
[EventDate "1998.03.05"]
[Source "ChessBase"]
[SourceDate "1998.04.29"]

1. Nf3 d6 2. d4 Nf6 3. c4 c6 4. Nc3 Qc7 5. e4 e5 6. Be2 Be7 7. O-O O-O 8. Rb1
Bg4 9. d5 Nbd7 10. Ne1 Bxe2 11. Qxe2 Rac8 12. Be3 cxd5 13. cxd5 a6 14. Nd3 Nc5
15. Nxc5 dxc5 16. a4 Rfd8 17. Rfc1 Qa5 18. b3 h6 19. Bd2 Qc7 20. Nd1 Qb8 21. a5
Qd6 22. Nb2 Nd7 23. Nc4 Qg6 24. Rc3 Nf6 25. Re1 Bd6 26. Rg3 Qh5 27. Qd3 Kh8 28.
Ne3 c4 29. Nxc4 Bc5 30. Rh3 1-0

[Event "Bad Woerishofen op"]
[Site "?"]
[Date "2000.??.??"]
[Round "3"]
[White "Loginov, Valeri"]
[Black "Dubois, Martine"]
[Result "1-0"]
[WhiteElo "2512"]
[BlackElo "2093"]
[PlyCount "47"]
[EventDate "2000.??.??"]

1. Nf3 Nc6 2. d4 d5 3. g3 Bg4 4. Bg2 Qd7 5. c4 e6 6. O-O O-O-O 7. Nc3 dxc4 8.
Qa4 Bxf3 9. Bxf3 Kb8 10. Be3 Nb4 11. Qd1 Nf6 12. b3 cxb3 13. Qxb3 Nbd5 14. Bd2
c6 15. Na4 Bd6 16. e4 Nb6 17. Nxb6 axb6 18. e5 Bxe5 19. dxe5 Qxd2 20. exf6 Rd3
21. fxg7 Rg8 22. Qxb6 Rxf3 23. Rad1 Qg5 24. Rd7 1-0

[Event "Bad Woerishofen op"]
[Site "?"]
[Date "2000.??.??"]
[Round "5"]
[White "Loginov, Valeri"]
[Black "Wiesend, Bruno"]
[Result "1-0"]
[WhiteElo "2512"]
[BlackElo "2177"]
[PlyCount "159"]
[EventDate "2000.??.??"]

1. Nf3 Nf6 2. g3 b6 3. Bg2 Bb7 4. O-O e6 5. d3 d6 6. e4 Nbd7 7. Nbd2 Be7 8. Re1
e5 9. d4 c5 10. dxe5 dxe5 11. Nc4 Qc7 12. Nfd2 O-O 13. a4 Rfe8 14. b3 Rad8 15.
Bb2 Bf8 16. c3 g6 17. Qc2 Bh6 18. Nf1 Nf8 19. Nfe3 Re7 20. Rad1 Red7 21. Rxd7
Rxd7 22. Bc1 Bg7 23. h3 h6 24. Ng4 Nxg4 25. hxg4 Ne6 26. Ne3 Qd8 27. Nd5 g5 28.
Ne3 Ba6 29. Bf1 Bxf1 30. Kxf1 Bf8 31. Qe2 Nc7 32. Nc4 Bg7 33. Ne3 Bf8 34. Qc2
Bg7 35. Re2 Qf6 36. Kg2 Bf8 37. Rd2 Qd8 38. Nc4 Rxd2 39. Bxd2 Bg7 40. Be1 Kf8
41. Ne3 Kg8 42. Qe2 Qd7 43. Qc4 Bf8 44. Kf3 a6 45. Kg2 b5 46. axb5 axb5 47. Qe2
Qc6 48. Qd3 Qd6 49. Qc2 Qe6 50. Bd2 Qc6 51. Kf3 Qf6+ 52. Ke2 Qe6 53. Bc1 Qa6
54. Kf3 Qf6+ 55. Kg2 Qe6 56. Bb2 Qd6 57. c4 b4 58. Nf5 Qe6 59. Qd3 Ne8 60. Qd8
Nd6 61. Qa8 Nxf5 62. gxf5 Qd6 63. Qe8 f6 64. Bc1 Qe7 65. Qc8 Qf7 66. Be3 Qe7
67. Qc6 Qd6 68. Qe8 Qe7 69. Qc8 Qd6 70. Qb7 Qe7 71. Qd5+ Kg7 72. Kf3 Qf7 73.
Bxc5 Qh5+ 74. Kg2 Bxc5 75. Qxc5 Qe2 76. Qe7+ Kg8 77. Qe8+ Kg7 78. Qg6+ Kh8 79.
Qxh6+ Kg8 80. Qg6+ 1-0

[Event "Bad Woerishofen op"]
[Site "?"]
[Date "2000.??.??"]
[Round "7"]
[White "Loginov, Valeri"]
[Black "Schaefer, Michael"]
[Result "1-0"]
[WhiteElo "2512"]
[BlackElo "2215"]
[PlyCount "83"]
[EventDate "2000.??.??"]

1. Nf3 Nf6 2. c4 g6 3. g3 Bg7 4. Bg2 O-O 5. d4 d5 6. cxd5 Nxd5 7. O-O Nb6 8.
Nc3 Nc6 9. e3 Re8 10. d5 Na5 11. Nd4 Bd7 12. b4 Nac4 13. a4 a5 14. b5 Qc8 15.
Re1 Bh3 16. Bh1 e5 17. Nde2 e4 18. Ra2 Nd6 19. Ba3 Nbc4 20. Bc5 g5 21. Rc2 Qf5
22. Nd4 Qg6 23. Bxd6 Nxd6 24. Nce2 Re7 25. Qd2 Be5 26. Rec1 Nc8 27. Nb3 f5 28.
Nc5 Nd6 29. Ne6 Ne8 30. N2d4 Rf7 31. b6 cxb6 32. f4 gxf4 33. exf4 Bd6 34. Ng5
Bg4 35. Nxf7 Qxf7 36. Ne6 Qd7 37. Bg2 Bh5 38. Qd4 Bf7 39. Qxb6 Bxe6 40. dxe6
Qxe6 41. Kh1 Qe7 42. Qb5 1-0

[Event "Bad Woerishofen op"]
[Site "?"]
[Date "2000.??.??"]
[Round "9"]
[White "Loginov, Valeri"]
[Black "Sandner, Gunter"]
[Result "1-0"]
[WhiteElo "2512"]
[BlackElo "2361"]
[PlyCount "64"]
[EventDate "2000.??.??"]

1. Nf3 Nf6 2. g3 g6 3. Bg2 Bg7 4. c4 O-O 5. d4 d6 6. O-O c6 7. Nc3 Nbd7 8. e4
e5 9. Rb1 Re8 10. d5 cxd5 11. cxd5 b5 12. b4 Nb6 13. a4 bxa4 14. Re1 Bd7 15.
Bf1 Qc7 16. Nb5 Qb8 17. Na3 Qb7 18. Nd2 Bf8 19. b5 Rec8 20. Ndc4 Nxc4 21. Nxc4
a6 22. Bg5 Nxe4 23. bxa6 Qxb1 24. Qxb1 Nxg5 25. Nb6 Nf3+ 26. Kh1 Bf5 27. Qd1
Nxe1 28. Qxe1 a3 29. Nxc8 Rxc8 30. Qa1 a2 31. Qxa2 Be4+ 32. Kg1 Rc5 1-0

[Event "Bad Woerishofen op"]
[Site "Bad Woerishofen"]
[Date "2000.??.??"]
[Round "2"]
[White "Loos, Udo"]
[Black "Florea, Dan"]
[Result "0-1"]
[WhiteElo "2109"]
[BlackElo "2274"]
[PlyCount "36"]
[EventDate "1998.03.05"]
[Source "ChessBase"]
[SourceDate "1998.04.29"]

1. Nf3 Nf6 2. g3 c5 3. Bg2 d5 4. O-O Nc6 5. d4 e6 6. c3 Bd6 7. Nbd2 O-O 8. Re1
cxd4 9. cxd4 Qb6 10. e3 Bd7 11. a3 Rfc8 12. Bf1 a5 13. Bd3 Na7 14. Ne5 Bb5 15.
Bc2 Qc7 16. Ba4 Bxe5 17. Bxb5 Nxb5 18. dxe5 Qxe5 0-1

[Event "Bad Woerishofen op"]
[Site "?"]
[Date "2000.??.??"]
[Round "4"]
[White "Loos, Udo"]
[Black "Erenska, Hanna"]
[Result "0-1"]
[WhiteElo "2109"]
[BlackElo "2250"]
[PlyCount "59"]
[EventDate "2000.??.??"]

1. Nf3 Nf6 2. d4 d6 3. g3 c6 4. Bg2 Nbd7 5. O-O e5 6. dxe5 dxe5 7. b3 Qc7 8.
Bb2 Bc5 9. e3 O-O 10. c4 Re8 11. Nc3 Nb6 12. Qc2 Bg4 13. Ne2 Bh5 14. Rad1 a5
15. Bc3 Ba3 16. Bb2 Bxb2 17. Qxb2 Nbd7 18. h3 e4 19. Nh4 Bxe2 20. Qxe2 g6 21.
f4 Nc5 22. g4 Rad8 23. Rd4 Rxd4 24. exd4 Ne6 25. Qe3 Qd6 26. g5 Nh5 27. d5 cxd5
28. f5 Nef4 29. cxd5 Nxd5 30. fxg6 0-1

[Event "Bad Woerishofen op"]
[Site "?"]
[Date "2000.??.??"]
[Round "6"]
[White "Loos, Udo"]
[Black "Medvegy, Nora"]
[Result "0-1"]
[WhiteElo "2109"]
[BlackElo "2275"]
[PlyCount "114"]
[EventDate "2000.??.??"]

1. Nf3 c5 2. c4 g6 3. Nc3 Bg7 4. g3 Nc6 5. Bg2 e6 6. e3 Nge7 7. O-O O-O 8. d4
cxd4 9. Nxd4 Nxd4 10. exd4 d6 11. Rb1 Qb6 12. Be3 Nf5 13. Na4 Qa6 14. b3 Bd7
15. Nc3 Qb6 16. Na4 Qc7 17. Nc3 Qb6 18. Na4 Qa6 19. Nc3 Rac8 20. Qd2 b5 21.
cxb5 Bxb5 22. Nxb5 Qxb5 23. Be4 Nxe3 24. fxe3 Bh6 25. Rbc1 a5 26. Kg2 e5 27.
Rxc8 Rxc8 28. dxe5 Qxe5 29. Qd4 Kg7 30. Re1 Rc3 31. Qxe5+ dxe5 32. Kf3 f5 33.
Bd5 f4 34. gxf4 exf4 35. Kg2 Rc2+ 36. Kf3 fxe3 37. Re2 Rc1 38. a3 Kf6 39. b4
axb4 40. axb4 Rf1+ 41. Kg2 Rb1 42. Rc2 Rxb4 43. Bf3 Bf4 44. Be2 Rb1 45. Rc4 Kg5
46. h3 Bb8 47. Rg4+ Kf6 48. Re4 Ba7 49. Ra4 Bb6 50. Re4 Rb2 51. Kf3 g5 52. Re8
Rb4 53. Re4 Rb2 54. Re8 h5 55. Re4 Kf5 56. Bd3 Rf2+ 57. Kg3 Bc7+ 0-1

[Event "Bad Woerishofen op"]
[Site "?"]
[Date "2000.??.??"]
[Round "8"]
[White "Loos, Udo"]
[Black "Seifert, Frank"]
[Result "1-0"]
[WhiteElo "2109"]
[BlackElo "1788"]
[PlyCount "51"]
[EventDate "2000.??.??"]

1. Nf3 e6 2. d4 f5 3. g3 Nf6 4. Bg2 Be7 5. O-O O-O 6. c3 d6 7. Nbd2 Nc6 8. Qc2
e5 9. e4 fxe4 10. Nxe4 Nxe4 11. Qxe4 d5 12. Qe2 e4 13. Ne1 Bd6 14. f3 exf3 15.
Rxf3 Ne7 16. Bg5 c6 17. Nd3 Rxf3 18. Bxf3 h6 19. Bd2 Bf5 20. Rf1 Bxd3 21. Qxd3
Qd7 22. Qe2 Re8 23. Bg4 Qd8 24. Qe6+ Kh8 25. Bh5 Qc8 26. Qxd6 1-0

[Event "Bad Woerishofen op"]
[Site "?"]
[Date "2000.??.??"]
[Round "2"]
[White "Luecke, Volkmar"]
[Black "Schoebel, Klaus"]
[Result "1-0"]
[WhiteElo "1948"]
[BlackElo "1638"]
[PlyCount "39"]
[EventDate "2000.??.??"]

1. Nf3 d6 2. d4 Nf6 3. c4 e6 4. Nc3 d5 5. Bg5 Be7 6. Bxf6 Bxf6 7. e4 dxe4 8.
Nxe4 Nc6 9. Nxf6+ Qxf6 10. Be2 O-O 11. Qd2 e5 12. dxe5 Nxe5 13. Nxe5 Qxe5 14.
O-O Bf5 15. Bf3 Rad8 16. Qb4 b6 17. Rfe1 Qf4 18. Re3 Rd6 19. Rae1 Rh6 20. Qxf8+
1-0

[Event "Bad Woerishofen op"]
[Site "?"]
[Date "2000.??.??"]
[Round "4"]
[White "Luecke, Volkmar"]
[Black "Vettel, Matthias"]
[Result "0-1"]
[WhiteElo "1948"]
[BlackElo "2206"]
[PlyCount "68"]
[EventDate "2000.??.??"]

1. Nf3 c5 2. g3 Nf6 3. Bg2 g6 4. O-O Bg7 5. c4 O-O 6. Nc3 d5 7. cxd5 Nxd5 8.
Nxd5 Qxd5 9. h3 Nc6 10. e3 Qd6 11. Qe2 Bf5 12. e4 Be6 13. Rd1 Rfd8 14. d3 c4
15. Bf1 cxd3 16. Rxd3 Qxd3 17. Qxd3 Rxd3 18. Bxd3 Nb4 19. Ne1 Nxd3 20. Nxd3 Rd8
21. Nc5 Rd1+ 22. Kg2 Bd4 23. Nxe6 fxe6 24. Kf3 Re1 25. a4 a5 26. Rb1 e5 27. Kg2
Kf7 28. f4 Rg1+ 29. Kf3 Re1 30. fxe5 Bc5 31. g4 g5 32. b4 axb4 33. e6+ Kxe6 34.
e5 b6 0-1

[Event "Bad Woerishofen op"]
[Site "?"]
[Date "2000.??.??"]
[Round "6"]
[White "Luecke, Volkmar"]
[Black "Popitz, Andreas"]
[Result "1/2-1/2"]
[WhiteElo "1948"]
[BlackElo "2177"]
[PlyCount "23"]
[EventDate "2000.??.??"]

1. Nf3 Nf6 2. g3 c5 3. Bg2 g6 4. O-O Bg7 5. d3 Nc6 6. e4 O-O 7. c3 d6 8. h3 e5
9. Be3 h6 10. Nbd2 Ne8 11. Nh2 Be6 12. f4 1/2-1/2

[Event "Bad Woerishofen op"]
[Site "?"]
[Date "2000.??.??"]
[Round "8"]
[White "Luecke, Volkmar"]
[Black "Wittfoth, Kai-Uwe"]
[Result "0-1"]
[WhiteElo "1948"]
[BlackElo "2151"]
[PlyCount "76"]
[EventDate "2000.??.??"]

1. Nf3 d5 2. g3 c5 3. Bg2 Nc6 4. d4 e6 5. O-O Nf6 6. c3 Be7 7. Bg5 b6 8. Ne5
Bb7 9. Qa4 Rc8 10. dxc5 Bxc5 11. Bxf6 Qxf6 12. Nxc6 Bxc6 13. Qb3 O-O 14. e3 Kh8
15. Nd2 b5 16. Nf3 Rb8 17. a3 Rfd8 18. Rfd1 a5 19. Qc2 Rdc8 20. Nd4 Be8 21. Bf1
h6 22. b3 Rc7 23. Qa2 Ba7 24. c4 dxc4 25. bxc4 bxc4 26. Bxc4 Rd7 27. Nb3 Rxd1+
28. Rxd1 Bc6 29. Qe2 Bf3 30. Qd2 Bxd1 31. Qxd1 a4 32. Nd4 Bxd4 33. exd4 Rb2 34.
f4 Qf5 35. Bd3 Qd5 36. Bf1 Qb3 37. Qc1 Rc2 38. Qa1 Qe3+ 0-1

[Event "Bad Woerishofen op"]
[Site "Bad Woerishofen"]
[Date "2000.??.??"]
[Round "1"]
[White "Luett, Michael"]
[Black "Gyimesi, Zoltan"]
[Result "0-1"]
[WhiteElo "2090"]
[BlackElo "2518"]
[PlyCount "56"]
[EventDate "1998.03.05"]
[Source "ChessBase"]
[SourceDate "1998.04.29"]

1. e4 c5 2. Nc3 Nc6 3. Bb5 d6 4. Bxc6+ bxc6 5. d3 g6 6. f4 Bg7 7. Nf3 Nf6 8.
O-O O-O 9. Qe1 Rb8 10. Rb1 Ne8 11. b3 Nc7 12. e5 Bg4 13. Be3 Bxf3 14. Rxf3 Ne6
15. Qh4 f5 16. Na4 Rb7 17. Qe1 Re8 18. Qd2 dxe5 19. fxe5 Bxe5 20. Nxc5 Bxh2+
21. Kxh2 Qd6+ 22. Kh1 Nxc5 23. Qf2 Nd7 24. d4 Nf6 25. Bf4 Ng4 26. Qd2 e5 27.
Re1 Rbe7 28. Bg5 exd4 0-1

[Event "Bad Woerishofen op"]
[Site "?"]
[Date "2000.??.??"]
[Round "4"]
[White "Luett, Michael"]
[Black "Markus, John Raymond"]
[Result "1-0"]
[WhiteElo "2090"]
[BlackElo "2215"]
[PlyCount "57"]
[EventDate "2000.??.??"]

1. e4 e5 2. Nf3 Nc6 3. Bc4 Nf6 4. Ng5 d5 5. exd5 Nd4 6. c3 b5 7. Bf1 Nxd5 8.
Ne4 Qh4 9. Bxb5+ Kd8 10. d3 Be7 11. cxd4 Rb8 12. Bc4 Bg4 13. Qa4 Nb6 14. Qc2
Nxc4 15. Qxc4 Be6 16. Qc2 exd4 17. Nbd2 f5 18. Nf3 Qg4 19. Ng3 Bd5 20. h3 Qg6
21. Kf1 h5 22. Qa4 Bxf3 23. Qxd4+ Bd6 24. gxf3 Rb4 25. Qd5 Rf8 26. Rg1 Kc8 27.
Ne4 Qe8 28. Nxd6+ cxd6 29. Rxg7 1-0

[Event "Bad Woerishofen op"]
[Site "?"]
[Date "2000.??.??"]
[Round "5"]
[White "Luett, Michael"]
[Black "Koglin, Anke"]
[Result "0-1"]
[WhiteElo "2090"]
[BlackElo "2270"]
[PlyCount "66"]
[EventDate "2000.??.??"]

1. e4 Nf6 2. Nc3 d5 3. e5 Nfd7 4. f4 e6 5. Nf3 c5 6. Bb5 a6 7. Bxd7+ Bxd7 8. a4
Bc6 9. d3 Nd7 10. O-O Be7 11. Qe1 g6 12. Bd2 b5 13. Kh1 b4 14. Nd1 a5 15. Nf2
Qb6 16. c4 dxc4 17. dxc4 Qb7 18. Nd1 O-O-O 19. b3 h6 20. Be3 g5 21. Qf2 Rdg8
22. Ne1 Rg7 23. f5 exf5 24. Qxf5 Be4 25. Qh3 Qb6 26. Nf2 Bb7 27. Rd1 g4 28.
Nxg4 Qe6 29. Nf2 Nxe5 30. Qxe6+ fxe6 31. Nfd3 Rd8 32. Rd2 Nxd3 33. Nxd3 Rxd3
0-1

[Event "Bad Woerishofen op"]
[Site "?"]
[Date "2000.??.??"]
[Round "7"]
[White "Luett, Michael"]
[Black "Babar, Michael"]
[Result "1/2-1/2"]
[WhiteElo "2090"]
[BlackElo "2170"]
[PlyCount "95"]
[EventDate "2000.??.??"]

1. e4 c5 2. Nc3 d6 3. Bb5+ Nd7 4. Nf3 a6 5. Bxd7+ Bxd7 6. d4 cxd4 7. Qxd4 e6 8.
Bg5 Qc7 9. O-O f6 10. Be3 Ne7 11. Rfd1 Nc6 12. Qb6 Qxb6 13. Bxb6 Rc8 14. Rd2
Be7 15. Rad1 O-O 16. Bc5 dxc5 17. Rxd7 b5 18. Kf1 Rfd8 19. Ke1 Kf8 20. Rb7 Nd4
21. Rb6 Nxc2+ 22. Kf1 Rxd1+ 23. Nxd1 Rd8 24. Nc3 Rd6 25. Rb8+ Kf7 26. Rb7 Nd4
27. e5 Rd8 28. Ne4 Kf8 29. Rb6 Nxf3 30. gxf3 Rd1+ 31. Kg2 f5 32. Nc3 Rd2 33.
Rxa6 Rxb2 34. Rxe6 Kf7 35. Rb6 Rd2 36. Rxb5 Bh4 37. Rxc5 g5 38. Rc6 Bxf2 39.
e6+ Kf8 40. Kf1 Bh4 41. Rc7 Rd6 42. Rf7+ Kg8 43. Rxf5 Rxe6 44. a4 Re1+ 45. Kg2
h6 46. a5 Ra1 47. Ne4 Be1 48. Nxg5 1/2-1/2

[Event "Bad Woerishofen op"]
[Site "?"]
[Date "2000.??.??"]
[Round "9"]
[White "Luett, Michael"]
[Black "Salvermoser, Bernd"]
[Result "0-1"]
[WhiteElo "2090"]
[BlackElo "2265"]
[PlyCount "52"]
[EventDate "2000.??.??"]

1. e4 c6 2. d4 d5 3. exd5 cxd5 4. Bd3 Nc6 5. c3 g6 6. Nf3 Nh6 7. O-O Bg7 8. Bf4
a6 9. Re1 O-O 10. Bg3 b5 11. a4 b4 12. Nbd2 Nf5 13. Nb3 Re8 14. Qd2 Nxg3 15.
hxg3 bxc3 16. Qxc3 Qd6 17. Rac1 Nb4 18. Bb1 Ra7 19. Qc5 Qxc5 20. Nxc5 Nc6 21.
Ne6 Bxe6 22. Rxc6 Bd7 23. Rc5 Bxa4 24. Rxd5 Rb7 25. Ra5 Bb5 26. b3 Rd7 0-1

[Event "Bad Woerishofen op"]
[Site "Bad Woerishofen"]
[Date "2000.??.??"]
[Round "2"]
[White "Lutzenberger, Reimund"]
[Black "Gerhards, Walter"]
[Result "1-0"]
[WhiteElo "2250"]
[BlackElo "1900"]
[PlyCount "61"]
[EventDate "1998.03.05"]
[Source "ChessBase"]
[SourceDate "1998.04.29"]

1. e4 e6 2. d4 d5 3. Nd2 Nf6 4. e5 Nfd7 5. c3 c5 6. f4 Nc6 7. Ndf3 cxd4 8. cxd4
Bb4+ 9. Bd2 Qe7 10. Bd3 f6 11. Ne2 fxe5 12. fxe5 Bxd2+ 13. Qxd2 O-O 14. O-O Nb4
15. Bb1 Nb6 16. a3 Nc6 17. Qd3 g6 18. Ba2 Bd7 19. Nc3 Rf5 20. Nb5 Nc8 21. Rae1
a6 22. Nc7 Rb8 23. Bxd5 exd5 24. Nxd5 Qf7 25. Nf6+ Rxf6 26. exf6 Bf5 27. Qe3
Nd6 28. Ne5 Qd5 29. Qh6 Ne8 30. f7+ Kh8 31. Qf8# 1-0

[Event "Bad Woerishofen op"]
[Site "?"]
[Date "2000.??.??"]
[Round "4"]
[White "Lutzenberger, Reimund"]
[Black "Kuprejchik, Victor"]
[Result "1-0"]
[WhiteElo "2255"]
[BlackElo "2480"]
[PlyCount "73"]
[EventDate "2000.??.??"]

1. e4 c5 2. Nf3 d6 3. Bb5+ Nc6 4. O-O Bd7 5. Re1 Nf6 6. c3 a6 7. Bf1 Bg4 8. d3
e5 9. Nbd2 Be7 10. h3 Bh5 11. g4 Bg6 12. Nh4 Nd7 13. Nxg6 hxg6 14. Nf3 Qb6 15.
Qb3 Qxb3 16. axb3 Nf8 17. Be3 Ne6 18. Ra4 b5 19. Ra2 Kd7 20. Rea1 a5 21. b4
cxb4 22. d4 b3 23. Ra3 b4 24. cxb4 exd4 25. Bd2 Rab8 26. b5 Ne5 27. Ne1 d3 28.
Rxa5 Nd4 29. Kg2 Nc4 30. Ra7+ Ke6 31. Bc3 Bf6 32. Nxd3 Rhc8 33. f4 Ne3+ 34. Kf2
Nec2 35. f5+ gxf5 36. gxf5+ Nxf5 37. Nf4# 1-0